| 000 | 00419nam a2200157Ia 4500 | ||
|---|---|---|---|
| 008 | 210210b1992 xxu||||| |||| 00| 0 eng d | ||
| 020 | _a81 7238 003 8 | ||
| 082 | _a363.73 MISE | ||
| 100 | _aMISRA (S G), Ed. | ||
| 245 | _aEnvironmental pollution:solid waste. | ||
| 260 |
_aND _bVenus Publishing House _c1992 |
||
| 300 | _axv,279 | ||
| 650 | _aSocial waste pollution | ||
| 690 | _aSocial Problems | ||
| 906 | _a051564 | ||
| 999 |
_c99833 _d99833 |
||